书目信息 |
| 题名: |
麈谈逸闻
|
|
| 作者: | 李烈初 著 | |
| 分册: | ||
| 出版信息: | 杭州 浙江大学出版社 2008 |
|
| 页数: | 232页 | |
| 开本: | 24cm | |
| 丛书名: | ||
| 单 册: | ||
| 中图分类: | K810.2 , K870.7 | |
| 科图分类: | ||
| 主题词: | 历史文物--li shi wen wu--鉴赏--中国 , 姓名学--xing ming xue--研究--中国 | |
| 电子资源: | ||
| ISBN: | 978-7-308-05434-8 | |
| 000 | 00782nam0 2200253 450 | |
| 001 | 003714923 | |
| 005 | 20080927151959.10 | |
| 010 | @a978-7-308-05434-8@dCNY36.00 | |
| 100 | @a20080310d2008 em y0chiy0110 ea | |
| 101 | 0 | @achi |
| 102 | @aCN@b330000 | |
| 105 | @aa z 000yy | |
| 200 | 1 | @a麈谈逸闻@Azhu tan yi wen@e书画文玩品鉴@f李烈初著 |
| 210 | @a杭州@c浙江大学出版社@d2008 | |
| 215 | @a232页@c图@d24cm | |
| 330 | @a全书共分四部分:鉴赏书画趣谈、古玉趣谈、题目趣谈、姓名趣谈。 | |
| 517 | 1 | @a书画文玩品鉴@Ashu hua wen wan pin jian |
| 606 | 0 | @a历史文物@Ali shi wen wu@x鉴赏@y中国 |
| 606 | 0 | @a姓名学@Axing ming xue@x研究@y中国 |
| 690 | @aK810.2@v4 | |
| 690 | @aK870.7@v4 | |
| 701 | 0 | @a李烈初@Ali lie chu@f1928-@4著 |
| 801 | 0 | @aCN@c20080927 |
| 905 | @dK870.7@eL200 | |
| 麈谈逸闻:书画文玩品鉴/李烈初著.-杭州:浙江大学出版社,2008 |
| 232页:图;24cm |
| ISBN 978-7-308-05434-8:CNY36.00 |
| 全书共分四部分:鉴赏书画趣谈、古玉趣谈、题目趣谈、姓名趣谈。 |
| ● |
| 相关链接 |
|
|
|
正题名:麈谈逸闻
索取号:K870.7/L200
 
预约/预借
| 序号 | 登录号 | 条形码 | 馆藏地/架位号 | 状态 | 备注 |
| 1 | 840549 | 208405493 | 社科库309/309社科库 7排4列2层/ [索取号:K870.7/L200] | 在馆 | |
| 2 | 840550 | 208405509 | 社科库309/309社科库 7排4列2层/ [索取号:K870.7/L200] | 在馆 | |
| 3 | 840551 | 208405518 | 社科库309/309社科库 7排4列2层/ [索取号:K870.7/L200] | 在馆 |